000
00315 a2200121 4500
001
146850
040
_c
Escola São Tomás de Aquino
100
_a
STEVENSON, Robert Louis
240
1
0
_a
Raptado
_l
por
245
1
0
_a
Raptado
697
_a
Caricaturas, desenho animado, cômico, fotonovelas / Quadrinhos
942
_c
BK
999
_c
146850
_d
146850